Asia: Capitals and Countries (Expert) - Statistics

General Stats
  • This quiz has been taken 143 times
  • The average score is 81 of 96
Answers on the Map
Answers color-coded by a green-red scale on the quiz's map according to % correct below.
 
Answer Stats
Answer % Correct
Beijing
96%
India
96%
Saudi Arabia
96%
China
94%
Mongolia
94%
Pyongyang
94%
Bangladesh
92%
Bhutan
92%
Iran
92%
Jerusalem
92%
Nepal
92%
New Delhi
92%
North Korea
92%
Riyadh
92%
Seoul
92%
Tokyo
92%
Ulaanbaatar
92%
Ankara
90%
Cambodia
90%
Israel
90%
Japan
90%
Jordan
90%
Kabul
90%
Myanmar
90%
Singapore
90%
Singapore
90%
South Korea
90%
Thailand
90%
Turkey
90%
Afghanistan
88%
Indonesia
88%
Iraq
88%
Jakarta
88%
Laos
88%
Oman
88%
Pakistan
88%
Philippines
88%
Sri Lanka
88%
Tehran
88%
Uzbekistan
88%
Yemen
88%
Armenia
87%
Baghdad
87%
Bangkok
87%
Georgia
87%
Kazakhstan
87%
Nur-Sultan
87%
Syria
87%
Taipei
87%
Taiwan
87%
Vietnam
87%
Abu Dhabi
85%
Amman
85%
Azerbaijan
85%
Beirut
85%
Hanoi
85%
Islamabad
85%
Kuwait
85%
Malaysia
85%
Baku
83%
Lebanon
83%
Maldives
83%
Tbilisi
83%
Turkmenistan
83%
United Arab Emirates
83%
Bahrain
81%
Cyprus
81%
Kathmandu
81%
Kuala Lumpur
81%
Manila
81%
Qatar
81%
Yerevan
81%
Damascus
79%
Dhaka
79%
Doha
79%
East Timor
79%
Muscat
79%
Nicosia
79%
Kuwait City
77%
Kyrgyzstan
77%
Tajikistan
77%
Tashkent
77%
Thimphu
77%
Malé
75%
Manama
75%
Brunei
73%
Dili
73%
Ashgabat
71%
Bishkek
71%
Sana'a
71%
Phnom Penh
69%
Vientiane
67%
Dushanbe
65%
Naypyidaw
60%
Bandar Seri Begawan
46%
Sri Jayawardenepura Kotte
40%
No matching quizzes found
Score Distribution
Percent of People with Each Score
Percentile by Number Answered
Your Score History
You have not taken this quiz